00266nam a2200085Ia 4500008004100000100004800041245004400089260003800133300000900171190216s9999||||xx |||||||||||||| ||und|| a"Sreedharan K, Nambissan Kmu&Amp; Naisr Vc" 0aKerala Engineering Entrance Examination b"Sun Publications, Calicut"c1984 a380p